000 00674nam a2200193Ia 4500
005 20250508153414.0
008 008 250505s9999 xx 000 0 eng d
037 _aBooks to be hide in OPAC
040 _aFEDL
_beng
_cFEDL
041 _aeng
_2eng
084 _a371.219, UNI/O
_qFEDL
100 _aSchloss Samuel
_9763855
245 0 _aFall 1961 statistics on enrollment, teachers, and schoolhousing in full-time public elementary and secondary day schools
260 _aWashington, USA
_bU.S. Government Printing Office
_c1962
300 _avi,21p.
700 _a Hobson Carol Joy
_9763900
942 _cHB
_h371.219, UNI/O
999 _c1342629
_d1342629